000 00986nam a22002897a 4500
001 6241
003 FISKH
005 20250404090537.0
008 250404b cb ||||| |||| 00| 0 eng d
020 _a9780545202664
040 _aFISKH
_beng
_cFISKH
_dFISKH
050 _a PZ7.D74428 M
082 _a597
100 _aDougherty, Brandi
245 _aMiss fortune /
_cby Brandi Dougherty
250 _aThis edition first published in 2010
260 _aNew York :
_bScholastic,
_c2010
300 _a168 pages :
_c20 cm
505 _aR
520 _aWhen a skeptical Zoe has her fortune told at a carnival, and the fortune-teller gives her a special necklace, she starts a run of bad luck that leads her to believe she may be under a curse and that something terrible may be about to happen.
521 8 _a680
_bLexile
521 8 _aR
_bRaz-Plus
650 _2Poison Apple
_aHorror
650 _2Paranormal fiction
_aSpring13
942 _2ddc
_cBK
_n0
999 _c6241
_d6241